000 00500nam a2200181Ia 4500
005 20250508153339.0
008 008 250505s9999 xx 000 0 eng d
037 _aTextual
040 _aFEDL
_beng
_cFEDL
041 _aeng
_2eng
084 _a907, LON
_qFEDL
245 0 _aTeaching history
245 0 _cLondon. Education (Ministry of )
260 _aLondon, UK
_bHer Majesty's Stationary Office
_c1952
300 _a89p
942 _cTEXL
_h907, LON
999 _c1342187
_d1342187